Tramwaje Warszawa- Linia 13 (przystanki) - Statystyki

Ogólne statystyki
  • Ten quiz został rozwiązany 71 razy
  • Średni wynik to 16 z 21
Statystyki odpowiedzi
Numer przystanku Nazwa przystanku % Poprawnych
1. Cmentarz Wolski
92%
15. Dworzec Wileński
88%
11. Kino Femina
88%
12. Metro Ratusz-Arsenał
87%
13. Stare Miasto
87%
8. Zajezdnia Wola
85%
17. Kijowska
83%
9. Okopowa
83%
21. Kawęczyńska-Bazylika
81%
10. Wola-ratusz
81%
14. Park Praski
79%
16. Ząbkowska
77%
4. Elekcyjna
73%
18. Dworzec Wschodni (Kijowska)
69%
7. Metro Płocka
69%
5. PKP Wola (Wolska)
69%
6. Sokołowska
67%
19. Zajezdnia Praga
67%
3. Reduta Wolska
63%
2. Sowińskiego
63%
20. Wojnicka
48%
Nie znaleziono quizów pasujących do podanych kryteriów
Rozkład punktacji
Procent ludzi z każdym wynikiem
Percentyl według liczby udzielonych odpowiedzi
Twoja historia wyników
Nie rozwiązałeś tego quizu